000 00726nam a2200253Ia 4500
003 OSt
005 20221005074915.0
006 a|||||r|||| 00| 0
007 ta
008 221004b |||||||| |||| 00| 0 eng d
020 _a8181160312
_c695
024 _a85802
037 _b1905, 20/03/2007, P.T. Book International
_cTextual
040 _aCRL
_cCRL
_beng
041 _2eng
_aeng
082 _aV2:19.P1, P6
100 _aKumar S.
245 0 _aIndia's international relations
260 _aNew Delhi
_bMax Ford Books India
_c2006
300 _a333p.
_ccm.
650 _aHISTORY
942 _hV2:19.P1, P6
_cTEXL
_2cc
999 _c983450
_d983450